00586 2200169 4500001002100000005001500021035002000036008004100056245010900097260008800206300002200294020001500316084002000331082001600351650003500367990001400402INLIS00000000000006120260413040154 a0010-0317000059260413 0  a5 tahun penelitian dan pengembangan pertanian 1987-1991 : Sumbangan dalam menyongsong era tinggal landas aJakarta :bBadan Penelitian dan Pengembangan Pertanian. Departemen Pertanian,c1992 a116 hlm. ;c28 cm a9798073231 a630.720 598 Lim a630.720 598 aPERTANIAN-INDONESIA-PENELITIAN a101293111